Statistics for Number Tile Quiz

Click here to take the quiz!

General Stats

  • This quiz has been taken 17 times
  • The average score is 25 of 36

Answer Stats

QuestionTileSelect% Correct
Which Of These Numbers Are NOT RealQuadrillionNo
100%
Which Of These Numbers Are NOT RealSextillionNo
100%
Which Of These Numbers Are NOT RealComitionYes
93%
Which Of These Are Even NumbersDXINo
93%
Which Of These Are Even NumbersIIINo
93%
Which Of These Are Even NumbersLINo
93%
Which Of These Are Even NumbersLXVNo
93%
Which Of These Numbers Are NOT RealMaudriliomYes
93%
Which Of These Numbers Are NOT RealOctillionNo
93%
Which Of These Numbers Are NOT RealSeptillionNo
93%
Which Of These Are Even NumbersVIYes
93%
Which Of These Are Even NumbersVIINo
93%
Which Of These Are Even NumbersCXXYes
86%
Which Of These Numbers Are NOT RealSosillionYes
86%
Which Of These Are Even NumbersXXIVYes
86%
Years When Major Wars Or Battles Started1914Yes
79%
Years When Major Wars Or Battles Started1939Yes
79%
Which Of These Are Even NumbersIVYes
79%
Years When Major Wars Or Battles Started1852No
71%
Years When Major Wars Or Battles Started1861Yes
71%
Years When Major Wars Or Battles Started1906No
71%
Years When Major Wars Or Battles Started2013No
71%
Which Of These Numbers Are NOT RealHexiliomYes
64%
Which Of These Numbers Are Not In Money10 EuroNo
50%
Years When Major Wars Or Battles Started1756Yes
50%
Years When Major Wars Or Battles Started1955Yes
50%
Which Of These Numbers Are Not In Money5 CentNo
50%
Years When Major Wars Or Battles Started987No
50%
Which Of These Numbers Are Not In Money1000 EuroYes
43%
Which Of These Numbers Are Not In Money20 CentNo
43%
Which Of These Numbers Are Not In Money6 EuroYes
43%
Which Of These Numbers Are Not In Money2 EuroNo
36%
Which Of These Numbers Are Not In Money30 EuroYes
36%
Which Of These Numbers Are Not In Money3 EuroYes
36%
Which Of These Numbers Are Not In Money8 EuroYes
36%
Which Of These Numbers Are NOT RealPentillionYes
29%

Score Distribution

Percentile by Number Answered

Percent of People with Each Score

Your Score History

You have not taken this quiz